[Event "BCF-ch U12"]
[Site "Bournemouth"]
[Date "2016.07.30"]
[Round "7"]
[White "Desai, Nilomi"]
[Black "Currah, Giovanni"]
[Result "1-0"]
[WhiteElo "1489"]
[BlackElo "1457"]
[PlyCount "131"]
[EventDate "2016.07.24"]
[EventType "swiss"]
[EventRounds "7"]
[EventCountry "ENG"]
[SourceTitle "EXT 2017"]
[Source "ChessBase"]
[SourceDate "2016.10.25"]
[SourceVersion "1"]
[SourceVersionDate "2016.10.25"]
[SourceQuality "1"]

1. d4 d5 2. Nf3 e6 3. c4 Nf6 4. g3 Nbd7 5. Bg2 Be7 6. 0-0 b6 7. Qc2 Bb7 8. Nbd2 0-0 9. b3 c5 10. Bb2 Rc8 11. Qb1 Re8 12. Rd1 Qc7 13. a3 Bd6 14. Qa2 e5 15. dxe5 Nxe5 16. Nxe5 Bxe5 17. e3 d4 18. exd4 Bxd4 19. Bxd4 cxd4 20. Nf3 Bxf3 21. Bxf3 Rcd8 22. Qc2 Re7 23. Rd2 Rd6 24. Rad1 Red7 25. b4 Rd8 26. c5 bxc5 27. Qxc5 Qd7 28. b5 h6 29. a4 d3 30. Qa3 Qf5 31. Kg2 Ne4 32. Rxd3 Rxd3 33. Rxd3 Re8 34. Re3 Nf6 35. Rxe8+ Nxe8 36. Qe3 Kf8 37. Qxa7 Qc8 38. b6 Nd6 39. b7 Nxb7 40. Qxb7 Qxb7 41. Bxb7 Ke8 42. a5 Kd8 43. a6 Kc7 44. f4 f6 45. Kf3 Kb8 46. Ke4 Ka7 47. Kf5 Kb8 48. Kg6 f5 49. Kxg7 h5 50. Kg6 h4 51. gxh4 Ka7 52. h5 Kb6 53. h6 Kc7 54. h7 Kb6 55. h8Q Ka7 56. Qc8 Kb6 57. a7 Kxa7 58. h4 Kb6 59. h5 Ka5 60. Qc5+ Ka4 61. Qb6 Ka3 62. Qb5 Ka2 63. h6 Ka3 64. h7 Ka2 65. h8Q Ka3 66. Qa1# 1-0

[Event "BCF-ch U12"]
[Site "Bournemouth"]
[Date "2016.07.29"]
[Round "6"]
[White "Currah, Giovanni"]
[Black "Wong, Cheuk Nam"]
[Result "0-1"]
[WhiteElo "1457"]
[BlackElo "1432"]
[PlyCount "140"]
[EventDate "2016.07.24"]
[EventType "swiss"]
[EventRounds "7"]
[EventCountry "ENG"]
[SourceTitle "EXT 2017"]
[Source "ChessBase"]
[SourceDate "2016.10.25"]
[SourceVersion "1"]
[SourceVersionDate "2016.10.25"]
[SourceQuality "1"]

1. e4 d6 2. d4 Nf6 3. Nc3 g6 4. Be3 Bg7 5. Qd2 Nbd7 6. 0-0-0 Ng4 7. Bf4 e5 8. dxe5 dxe5 9. Bg3 Bh6 10. f4 Qf6 11. Nd5 Qd6 12. Nh3 Nc5 13. Nc3 Qxd2+ 14. Rxd2 Nf6 15. Bh4 Ncd7 16. g3 0-0 17. Bg5 Bg7 18. Bc4 Nb6 19. Bf1 exf4 20. Nxf4 Ng4 21. Be7 Re8 22. Bb4 a5 23. Bc5 Bxc3 24. bxc3 Na4 25. Bd4 Rxe4 26. h3 Re1+ 27. Rd1 Rxd1+ 28. Kxd1 Nh6 29. Nd5 c5 30. Be5 Be6 31. Nf6+ Kg7 32. Ng4+ f6 33. Bxf6+ Kf7 34. Nxh6+ Kxf6 35. Ng4+ Bxg4+ 36. hxg4 Nxc3+ 37. Kd2 Ne4+ 38. Ke1 Nxg3 39. Rxh7 Re8+ 40. Kf2 Nxf1 41. Kxf1 Re7 42. g5+ Ke6 43. Rh3 Rf7+ 44. Kg2 Rf5 45. Rg3 Rd5 46. Kh3 b5 47. Kh4 Rd4+ 48. Kh3 Kf5 49. Re3 Re4 50. Rd3 c4 51. Rd2 Kf4 52. Kg2 c3 53. Rf2+ Kxg5 54. Kg1 Re1+ 55. Kh2 Ra1 56. Rf3 b4 57. Kg2 Rxa2 58. Rf2 b3 59. Kf3 Rxc2 60. Rf1 b2 61. Rg1+ Kf5 62. Ke3 Rc1 63. Rg2 b1Q 64. Rf2+ Ke5 65. Kf3 Qf5+ 66. Kg2 Qg4+ 67. Kh2 Qg1+ 68. Kh3 Qxf2 69. Kg4 Rg1+ 70. Kh3 Qg3# 0-1

[Event "BCF-ch U12"]
[Site "Bournemouth"]
[Date "2016.07.24"]
[Round "1"]
[White "Onslow, Teddy"]
[Black "Currah, Giovanni"]
[Result "1-0"]
[WhiteElo "1720"]
[BlackElo "1457"]
[PlyCount "83"]
[EventDate "2016.07.24"]
[EventType "swiss"]
[EventRounds "7"]
[EventCountry "ENG"]
[SourceTitle "EXT 2017"]
[Source "ChessBase"]
[SourceDate "2016.10.25"]
[SourceVersion "1"]
[SourceVersionDate "2016.10.25"]
[SourceQuality "1"]

1. Nf3 Nc6 2. g3 e5 3. d3 Bc5 4. Bg2 d6 5. 0-0 Nf6 6. c4 Be6 7. a3 a6 8. b4 Ba7 9. Bb2 0-0 10. Nbd2 Ne7 11. Ng5 c6 12. Nxe6 fxe6 13. Nf3 Ng6 14. Qb3 Qc7 15. Rac1 d5 16. Ng5 Rfe8 17. cxd5 exd5 18. Bxd5+ Nxd5 19. Qxd5+ cxd5 20. Rxc7 b5 21. Nf3 Bb6 22. Rb7 Bd8 23. Rc1 Bf6 24. Rcc7 Kf8 25. Ng5 Kg8 26. Nf7 Rac8 27. Nd6 Rxc7 28. Rxc7 Rd8 29. Nb7 Re8 30. Nc5 Ra8 31. Nd7 Bd8 32. Rc5 Ne7 33. Nxe5 Bb6 34. Rc2 Rf8 35. d4 Ba7 36. Rc7 Nc8 37. Nc6 Bb6 38. Rxc8 Rxc8 39. Ne7+ Kf7 40. Nxc8 Bc7 41. Na7 Ke6 42. Nc6 1-0